| 000 | 00451nam a2200157 4500 | ||
|---|---|---|---|
| 001 | 121394 | ||
| 003 | ES-MaACL | ||
| 007 | t| | ||
| 008 | 070214s1940 sp r ||||1| spa d | ||
| 100 | 1 |
_aPla Cargol, Joaquín. _992486 |
|
| 245 | 1 | 0 |
_aGoya _b: su vida : sus obras / _cJoaquín Pla Cargol. |
| 250 | _a5ª ed. | ||
| 260 |
_aMadrid : _b[s. n.], _c1940 ( _eGerona : _fDalmaú Carles) |
||
| 300 |
_a88 p. : _bil. ; _c18 cm. |
||
| 852 |
_aES-MaACL _jB-9156 |
||
| 999 |
_c121394 _d121394 |
||